[Event "Deutsche Ländermeisterschaft 2017"]
[Site "Hannover GER"]
[Date "2017.09.30"]
[Round "1"]
[White "Schumann, Rabea"]
[Black "Stork, Oliver"]
[Result "0-1"]
[Termination "normal"]
[Board "5.3"]
[WhiteElo "1868"]
[BlackElo "2175"]
[WhiteClock "00:00:36"]
[BlackClock "00:20:11"]
[WhiteTeam "Mecklenburg-Vorpommern"]
[BlackTeam "Hessen"]
[PlyCount "102"]
[WhiteFideId "12918199"]
[BlackFideId "12955728"]
[EventCountry "GER"]
[EventRounds "7"]
[EventType "team-swiss"]
[EventDate "2017.09.29"]

1. c4 {[%clk 1:30:56]} c5 {[%clk 1:30:54]} 2. g3 {[%clk 1:31:15]} Nf6 {[%clk
1:31:17]} 3. Bg2 {[%clk 1:31:32]} d5 {[%clk 1:31:40]} 4. cxd5 {[%clk 1:31:42]}
Nxd5 {[%clk 1:32:02]} 5. Nc3 {[%clk 1:31:39]} Nc7 {[%clk 1:32:25]} 6. Nf3
{[%clk 1:28:58]} Nc6 {[%clk 1:32:41]} 7. O-O {[%clk 1:28:46]} e5 {[%clk
1:33:05]} 8. d3 {[%clk 1:22:41]} Be7 {[%clk 1:31:52]} 9. Be3 {[%clk 1:20:20]}
O-O {[%clk 1:30:53]} 10. Rc1 {[%clk 1:15:55]} Be6 {[%clk 1:15:54]} 11. Na4
{[%clk 1:02:49]} b6 {[%clk 1:15:00]} 12. Ng5 {[%clk 0:37:48]} Bd5 {[%clk
1:10:00]} 13. Qd2 {[%clk 0:34:41]} Bxg2 {[%clk 0:53:26]} 14. Kxg2 {[%clk
0:35:00]} Qd5+ {[%clk 0:52:14]} 15. f3 {[%clk 0:33:54]} Qxa2 {[%clk 0:49:39]}
16. Ra1 {[%clk 0:29:44]} Qb3 {[%clk 0:43:09]} 17. Ra3 {[%clk 0:25:25]} Qd5
{[%clk 0:42:01]} 18. Nc3 {[%clk 0:24:30]} Qd7 {[%clk 0:42:13]} 19. Ra4 {[%clk
0:21:07]} f6 {[%clk 0:39:22]} 20. Nge4 {[%clk 0:18:39]} Nd4 {[%clk 0:35:14]}
21. Qd1 {[%clk 0:11:28]} f5 {[%clk 0:34:04]} 22. Nd2 {[%clk 0:10:17]} a5 {[%clk
0:24:09]} 23. Ra2 {[%clk 0:07:18]} Qe6 {[%clk 0:23:11]} 24. b3 {[%clk 0:03:49]}
b5 {[%clk 0:20:42]} 25. Re1 {[%clk 0:01:32]} a4 {[%clk 0:19:36]} 26. Rb2 {[%clk
0:01:20]} a3 {[%clk 0:19:20]} 27. Ra2 {[%clk 0:01:38]} b4 {[%clk 0:19:43]} 28.
Ncb1 {[%clk 0:01:37]} Nd5 {[%clk 0:18:39]} 29. Bf2 {[%clk 0:01:32]} Bg5 {[%clk
0:11:47]} 30. Nc4 {[%clk 0:01:16]} Nb6 {[%clk 0:08:17]} 31. Nxb6 {[%clk
0:01:00]} Qxb6 {[%clk 0:08:39]} 32. e3 {[%clk 0:01:03]} Nb5 {[%clk 0:07:47]}
33. Qc2 {[%clk 0:01:16]} Rfd8 {[%clk 0:05:41]} 34. Rd1 {[%clk 0:00:52]} Rac8
{[%clk 0:03:49]} 35. Qe2 {[%clk 0:00:45]} Qc6 {[%clk 0:02:46]} 36. Rc2 {[%clk
0:00:51]} e4 {[%clk 0:01:20]} 37. dxe4 {[%clk 0:00:45]} fxe4 {[%clk 0:01:15]}
38. Rxd8+ {[%clk 0:00:53]} Rxd8 {[%clk 0:01:39]} 39. Qc4+ {[%clk 0:01:10]} Kh8
{[%clk 0:02:01]} 40. fxe4 {[%clk 0:01:28]} Nd6 {[%clk 0:00:55]} 41. Qd5 {[%clk
0:17:01]} Qxd5 {[%clk 0:31:18]} 42. exd5 {[%clk 0:17:27]} Ne4 {[%clk 0:29:14]}
43. h4 {[%clk 0:09:01]} Bf6 {[%clk 0:29:14]} 44. Be1 {[%clk 0:08:26]} Rxd5
{[%clk 0:28:28]} 45. Kf3 {[%clk 0:05:00]} Rd1 {[%clk 0:23:13]} 46. Bxb4 {[%clk
0:01:55]} cxb4 {[%clk 0:23:39]} 47. Kxe4 {[%clk 0:01:42]} h6 {[%clk 0:23:56]}
48. Nd2 {[%clk 0:00:54]} Bc3 {[%clk 0:22:07]} 49. Nc4 {[%clk 0:00:42]} Rb1
{[%clk 0:20:27]} 50. Na5 {[%clk 0:00:47]} Bb2 {[%clk 0:19:54]} 51. Nc4 {[%clk
0:00:36]} a2 {[%clk 0:20:11]} 0-1

[Event "Deutsche Ländermeisterschaft 2017"]
[Site "Hannover GER"]
[Date "2017.09.30"]
[Round "1"]
[White "Neukirchner, Pascal"]
[Black "Fromm, Marius"]
[Result "1-0"]
[Termination "normal"]
[Board "5.4"]
[WhiteElo "2123"]
[BlackElo "1876"]
[WhiteClock "00:19:07"]
[BlackClock "00:27:59"]
[WhiteTeam "Hessen"]
[BlackTeam "Mecklenburg-Vorpommern"]
[PlyCount "105"]
[WhiteFideId "12997927"]
[BlackFideId "12993190"]
[EventCountry "GER"]
[EventRounds "7"]
[EventType "team-swiss"]
[EventDate "2017.09.29"]

1. d4 {[%clk 1:30:56]} d5 {[%clk 1:30:54]} 2. c4 {[%clk 1:31:19]} c6 {[%clk
1:31:18]} 3. Nf3 {[%clk 1:31:31]} Nf6 {[%clk 1:31:41]} 4. e3 {[%clk 1:31:21]}
Bf5 {[%clk 1:30:19]} 5. Nc3 {[%clk 1:31:43]} e6 {[%clk 1:30:34]} 6. Nh4 {[%clk
1:31:57]} Bg6 {[%clk 1:27:45]} 7. Qb3 {[%clk 1:28:23]} Qc7 {[%clk 1:24:43]} 8.
Bd2 {[%clk 1:16:50]} Nbd7 {[%clk 1:22:45]} 9. Rc1 {[%clk 1:14:56]} Be7 {[%clk
1:21:47]} 10. Nxg6 {[%clk 1:11:14]} hxg6 {[%clk 1:22:08]} 11. g3 {[%clk
1:11:09]} O-O {[%clk 1:17:32]} 12. cxd5 {[%clk 1:09:35]} e5 {[%clk 1:10:46]}
13. Bg2 {[%clk 1:03:04]} exd4 {[%clk 1:05:32]} 14. exd4 {[%clk 1:03:11]} c5
{[%clk 1:05:06]} 15. Na4 {[%clk 0:50:47]} Rac8 {[%clk 0:59:20]} 16. dxc5 {[%clk
0:48:27]} Nxc5 {[%clk 0:58:29]} 17. Nxc5 {[%clk 0:48:42]} Bxc5 {[%clk 0:58:52]}
18. O-O {[%clk 0:48:27]} Qd7 {[%clk 0:55:41]} 19. Be3 {[%clk 0:40:26]} Bxe3
{[%clk 0:54:48]} 20. fxe3 {[%clk 0:40:45]} Rxc1 {[%clk 0:54:16]} 21. Rxc1
{[%clk 0:41:07]} Re8 {[%clk 0:54:28]} 22. Qd3 {[%clk 0:36:54]} Qd6 {[%clk
0:50:35]} 23. Qd4 {[%clk 0:28:35]} a6 {[%clk 0:49:15]} 24. e4 {[%clk 0:25:25]}
Ng4 {[%clk 0:48:09]} 25. b4 {[%clk 0:20:46]} Ne5 {[%clk 0:47:02]} 26. Qc5
{[%clk 0:19:46]} Qf6 {[%clk 0:46:30]} 27. Rf1 {[%clk 0:18:26]} Qg5 {[%clk
0:45:54]} 28. Qc7 {[%clk 0:15:02]} b5 {[%clk 0:43:50]} 29. Qa7 {[%clk 0:14:55]}
Qd2 {[%clk 0:43:39]} 30. a3 {[%clk 0:14:49]} Rc8 {[%clk 0:41:18]} 31. Qf2
{[%clk 0:12:50]} Qd3 {[%clk 0:39:05]} 32. Qf4 {[%clk 0:12:15]} Qd4+ {[%clk
0:39:19]} 33. Kh1 {[%clk 0:12:09]} Rc3 {[%clk 0:33:12]} 34. Qg5 {[%clk
0:08:47]} f6 {[%clk 0:16:00]} 35. Qh4 {[%clk 0:08:51]} Rc2 {[%clk 0:11:18]} 36.
Bh3 {[%clk 0:03:44]} Qd2 {[%clk 0:10:07]} 37. Be6+ {[%clk 0:04:12]} Nf7 {[%clk
0:10:27]} 38. Qh3 {[%clk 0:04:27]} Qe2 {[%clk 0:08:48]} 39. Bg4 {[%clk
0:02:39]} Qxe4+ {[%clk 0:08:51]} 40. Bf3 {[%clk 0:03:07]} Qe3 {[%clk 0:07:28]}
41. d6 {[%clk 0:28:43]} Qd2 {[%clk 0:34:52]} 42. Rd1 {[%clk 0:25:42]} Rc1
{[%clk 0:34:40]} 43. Qc8+ {[%clk 0:23:47]} Rxc8 {[%clk 0:35:02]} 44. Rxd2
{[%clk 0:24:14]} Rd8 {[%clk 0:34:33]} 45. d7 {[%clk 0:21:47]} Ne5 {[%clk
0:32:16]} 46. Bb7 {[%clk 0:21:56]} Nc4 {[%clk 0:32:14]} 47. Rd3 {[%clk
0:21:47]} a5 {[%clk 0:30:29]} 48. bxa5 {[%clk 0:19:38]} Nxa5 {[%clk 0:30:49]}
49. Ba6 {[%clk 0:19:59]} b4 {[%clk 0:29:07]} 50. axb4 {[%clk 0:20:11]} Nc6
{[%clk 0:29:31]} 51. Rc3 {[%clk 0:19:28]} Nxb4 {[%clk 0:28:06]} 52. Rc8 {[%clk
0:19:03]} Nc6 {[%clk 0:27:59]} 53. Bb5 {[%clk 0:19:07]} 1-0

[Event "Deutsche Ländermeisterschaft 2017"]
[Site "Hannover GER"]
[Date "2017.09.30"]
[Round "1"]
[White "Troyke, Jannis"]
[Black "Krastev, Alexander"]
[Result "1-0"]
[Termination "normal"]
[Board "5.5"]
[WhiteElo "1937"]
[BlackElo "2072"]
[WhiteClock "00:17:29"]
[BlackClock "00:54:44"]
[WhiteTeam "Mecklenburg-Vorpommern"]
[BlackTeam "Hessen"]
[PlyCount "126"]
[WhiteFideId "12993115"]
[BlackFideId "12989983"]
[EventCountry "GER"]
[EventRounds "7"]
[EventType "team-swiss"]
[EventDate "2017.09.29"]

1. e4 {[%clk 1:30:55]} e5 {[%clk 1:30:55]} 2. Nf3 {[%clk 1:31:21]} Nc6 {[%clk
1:31:21]} 3. Bb5 {[%clk 1:31:27]} a6 {[%clk 1:31:42]} 4. Ba4 {[%clk 1:31:53]}
Nf6 {[%clk 1:32:04]} 5. O-O {[%clk 1:32:16]} b5 {[%clk 1:32:26]} 6. Bb3 {[%clk
1:32:41]} Be7 {[%clk 1:32:51]} 7. d3 {[%clk 1:33:01]} d6 {[%clk 1:32:47]} 8. a3
{[%clk 1:31:42]} O-O {[%clk 1:32:08]} 9. Nc3 {[%clk 1:31:26]} Bg4 {[%clk
1:30:25]} 10. Be3 {[%clk 1:30:55]} Qd7 {[%clk 1:28:50]} 11. h3 {[%clk 1:26:10]}
Bh5 {[%clk 1:29:01]} 12. Nd5 {[%clk 1:26:09]} Nd8 {[%clk 1:19:50]} 13. Nxe5
{[%clk 1:18:21]} dxe5 {[%clk 1:17:44]} 14. Nxf6+ {[%clk 1:18:43]} Bxf6 {[%clk
1:18:10]} 15. Qxh5 {[%clk 1:19:06]} Ne6 {[%clk 1:17:03]} 16. Qg4 {[%clk
1:14:52]} Qe7 {[%clk 1:16:11]} 17. Bxe6 {[%clk 1:12:52]} Qxe6 {[%clk 1:15:28]}
18. Qxe6 {[%clk 1:11:31]} fxe6 {[%clk 1:15:53]} 19. a4 {[%clk 1:09:30]} Be7
{[%clk 1:15:42]} 20. Bd2 {[%clk 1:01:50]} b4 {[%clk 1:13:16]} 21. Be3 {[%clk
0:58:38]} Rad8 {[%clk 1:13:09]} 22. Rfd1 {[%clk 0:58:09]} Rd7 {[%clk 1:12:31]}
23. Kf1 {[%clk 0:49:21]} h6 {[%clk 1:11:44]} 24. Ke2 {[%clk 0:48:46]} c5 {[%clk
1:10:39]} 25. Rf1 {[%clk 0:43:09]} Bg5 {[%clk 1:09:30]} 26. Bxg5 {[%clk
0:34:48]} hxg5 {[%clk 1:09:54]} 27. Rh1 {[%clk 0:35:15]} Rdf7 {[%clk 1:05:47]}
28. Raf1 {[%clk 0:34:00]} Rf4 {[%clk 0:58:45]} 29. g3 {[%clk 0:33:26]} R4f6
{[%clk 0:56:09]} 30. h4 {[%clk 0:33:19]} gxh4 {[%clk 0:53:10]} 31. Rxh4 {[%clk
0:33:41]} Rh6 {[%clk 0:53:02]} 32. Rfh1 {[%clk 0:34:03]} Kh7 {[%clk 0:52:54]}
33. Rxh6+ {[%clk 0:34:23]} gxh6 {[%clk 0:53:12]} 34. Rh5 {[%clk 0:34:47]} b3
{[%clk 0:53:13]} 35. Rxe5 {[%clk 0:33:27]} c4 {[%clk 0:52:23]} 36. cxb3 {[%clk
0:31:02]} cxd3+ {[%clk 0:52:47]} 37. Kxd3 {[%clk 0:31:21]} Rxf2 {[%clk
0:53:11]} 38. Rxe6 {[%clk 0:30:14]} Rxb2 {[%clk 0:52:29]} 39. Kc4 {[%clk
0:30:33]} a5 {[%clk 0:52:40]} 40. Rf6 {[%clk 0:30:03]} Re2 {[%clk 0:51:30]} 41.
Kd4 {[%clk 0:25:02]} Rb2 {[%clk 0:47:06]} 42. Rf3 {[%clk 0:24:48]} Kg6 {[%clk
0:47:28]} 43. Re3 {[%clk 0:22:07]} Kf6 {[%clk 0:45:32]} 44. e5+ {[%clk
0:04:34]} Ke6 {[%clk 0:44:54]} 45. Ke4 {[%clk 0:03:45]} Rf2 {[%clk 0:43:55]}
46. Rc3 {[%clk 0:26:17]} Re2+ {[%clk 1:13:15]} 47. Kd4 {[%clk 0:22:47]} Rd2+
{[%clk 1:06:57]} 48. Ke3 {[%clk 0:19:44]} Rb2 {[%clk 1:06:09]} 49. Kf4 {[%clk
0:18:33]} Rf2+ {[%clk 1:01:54]} 50. Rf3 {[%clk 0:18:26]} Rxf3+ {[%clk 0:54:23]}
51. Kxf3 {[%clk 0:18:29]} Kxe5 {[%clk 0:54:43]} 52. Kg4 {[%clk 0:15:16]} Ke4
{[%clk 0:52:28]} 53. Kh5 {[%clk 0:15:32]} Kf3 {[%clk 0:52:48]} 54. g4 {[%clk
0:14:21]} Kf4 {[%clk 0:52:57]} 55. Kxh6 {[%clk 0:14:34]} Kxg4 {[%clk 0:53:19]}
56. Kg6 {[%clk 0:14:59]} Kf4 {[%clk 0:53:43]} 57. Kf6 {[%clk 0:15:22]} Ke4
{[%clk 0:53:59]} 58. Ke6 {[%clk 0:15:46]} Kd4 {[%clk 0:54:20]} 59. Kd6 {[%clk
0:16:11]} Kc3 {[%clk 0:53:33]} 60. Kc5 {[%clk 0:16:32]} Kxb3 {[%clk 0:54:01]}
61. Kb5 {[%clk 0:16:47]} Kc3 {[%clk 0:54:17]} 62. Kxa5 {[%clk 0:17:09]} Kc4
{[%clk 0:54:44]} 63. Kb6 {[%clk 0:17:29]} Kd5 1-0

[Event "Deutsche Ländermeisterschaft 2017"]
[Site "Hannover GER"]
[Date "2017.09.30"]
[Round "1"]
[White "Reinecke, Katharina"]
[Black "Großmann, Piet"]
[Result "1/2-1/2"]
[Termination "normal"]
[Board "5.6"]
[WhiteElo "1994"]
[BlackElo "1830"]
[WhiteClock "00:00:52"]
[BlackClock "00:01:48"]
[WhiteTeam "Hessen"]
[BlackTeam "Mecklenburg-Vorpommern"]
[PlyCount "173"]
[WhiteFideId "12929727"]
[BlackFideId "16234359"]
[EventCountry "GER"]
[EventRounds "7"]
[EventType "team-swiss"]
[EventDate "2017.09.29"]

1. d4 {[%clk 1:30:57]} e6 {[%clk 1:30:55]} 2. c4 {[%clk 1:31:16]} Nf6 {[%clk
1:31:20]} 3. Nf3 {[%clk 1:31:22]} Bb4+ {[%clk 1:31:44]} 4. Bd2 {[%clk 1:31:28]}
Qe7 {[%clk 1:31:42]} 5. Nc3 {[%clk 1:27:51]} O-O {[%clk 1:28:47]} 6. Qc2 {[%clk
1:20:17]} d6 {[%clk 1:25:28]} 7. g3 {[%clk 1:10:01]} Nbd7 {[%clk 1:21:45]} 8.
Bg2 {[%clk 1:08:40]} e5 {[%clk 1:10:07]} 9. O-O {[%clk 1:02:30]} Nb6 {[%clk
0:56:19]} 10. b3 {[%clk 0:58:31]} Re8 {[%clk 0:45:33]} 11. e3 {[%clk 0:50:39]}
c6 {[%clk 0:37:55]} 12. a3 {[%clk 0:47:59]} Bxc3 {[%clk 0:38:18]} 13. Bxc3
{[%clk 0:47:58]} e4 {[%clk 0:33:20]} 14. Nd2 {[%clk 0:46:59]} d5 {[%clk
0:33:31]} 15. Bb4 {[%clk 0:42:34]} Qd8 {[%clk 0:24:32]} 16. a4 {[%clk 0:36:45]}
a5 {[%clk 0:23:52]} 17. Ba3 {[%clk 0:35:36]} Bf5 {[%clk 0:22:10]} 18. b4 {[%clk
0:28:09]} Nbd7 {[%clk 0:15:45]} 19. b5 {[%clk 0:24:51]} Nf8 {[%clk 0:14:33]}
20. c5 {[%clk 0:21:41]} Qd7 {[%clk 0:13:28]} 21. Rfb1 {[%clk 0:17:12]} Reb8
{[%clk 0:12:50]} 22. Rb2 {[%clk 0:15:03]} Bg6 {[%clk 0:08:05]} 23. Rab1 {[%clk
0:13:28]} Qc7 {[%clk 0:07:54]} 24. b6 {[%clk 0:10:44]} Qd7 {[%clk 0:07:11]} 25.
Nb3 {[%clk 0:10:28]} Bf5 {[%clk 0:05:11]} 26. Qd2 {[%clk 0:09:47]} Ra6 {[%clk
0:04:41]} 27. Bf1 {[%clk 0:09:10]} Raa8 {[%clk 0:02:07]} 28. Nxa5 {[%clk
0:09:16]} Bh3 {[%clk 0:01:30]} 29. Bg2 {[%clk 0:05:04]} Bxg2 {[%clk 0:01:48]}
30. Kxg2 {[%clk 0:05:32]} Qg4 {[%clk 0:01:08]} 31. Bb4 {[%clk 0:05:14]} Qf3+
{[%clk 0:01:04]} 32. Kg1 {[%clk 0:05:14]} Ng6 {[%clk 0:01:19]} 33. Qe2 {[%clk
0:04:21]} Ne7 {[%clk 0:00:36]} 34. Qxf3 {[%clk 0:03:46]} exf3 {[%clk 0:00:58]}
35. Ra2 {[%clk 0:03:18]} Ne4 {[%clk 0:00:40]} 36. Nb3 {[%clk 0:02:25]} g5
{[%clk 0:00:37]} 37. Nc1 {[%clk 0:01:51]} f6 {[%clk 0:00:48]} 38. Nd3 {[%clk
0:01:49]} Kf7 {[%clk 0:01:02]} 39. Rba1 {[%clk 0:01:42]} h5 {[%clk 0:01:20]}
40. a5 {[%clk 0:01:17]} Ra6 {[%clk 0:00:41]} 41. Be1 {[%clk 0:00:56]} Rba8
{[%clk 0:00:57]} 42. h3 {[%clk 0:22:29]} Ng6 {[%clk 0:29:37]} 43. Nb4 {[%clk
0:20:18]} Ne7 {[%clk 0:29:19]} 44. Nd3 {[%clk 0:16:49]} Ng6 {[%clk 0:29:43]}
45. Bb4 {[%clk 0:14:29]} g4 {[%clk 0:26:10]} 46. Kh2 {[%clk 0:13:16]} Kg7
{[%clk 0:23:57]} 47. Be1 {[%clk 0:13:07]} Kf7 {[%clk 0:23:04]} 48. Nb4 {[%clk
0:13:28]} Ne7 {[%clk 0:23:07]} 49. Nxa6 {[%clk 0:12:56]} Rxa6 {[%clk 0:23:28]}
50. hxg4 {[%clk 0:13:04]} hxg4 {[%clk 0:23:47]} 51. Bb4 {[%clk 0:12:11]} Kg7
{[%clk 0:22:07]} 52. Rh1 {[%clk 0:11:48]} f5 {[%clk 0:21:11]} 53. Kg1 {[%clk
0:12:03]} Ng8 {[%clk 0:20:42]} 54. Kf1 {[%clk 0:11:09]} Ngf6 {[%clk 0:20:25]}
55. Ke1 {[%clk 0:10:34]} Ng8 {[%clk 0:19:20]} 56. Kd1 {[%clk 0:09:50]} Ngf6
{[%clk 0:19:39]} 57. Rh2 {[%clk 0:09:53]} Ng5 {[%clk 0:14:29]} 58. Kc2 {[%clk
0:08:55]} Nf7 {[%clk 0:12:52]} 59. Ra1 {[%clk 0:08:47]} Ng5 {[%clk 0:07:18]}
60. Rah1 {[%clk 0:08:37]} Nf7 {[%clk 0:07:00]} 61. Kb3 {[%clk 0:08:41]} Ra8
{[%clk 0:07:00]} 62. Be1 {[%clk 0:07:30]} Ra6 {[%clk 0:07:19]} 63. Kb4 {[%clk
0:07:33]} Ra8 {[%clk 0:07:25]} 64. Bd2 {[%clk 0:07:08]} Ra6 {[%clk 0:07:37]}
65. Ra1 {[%clk 0:05:39]} Kg8 {[%clk 0:05:15]} 66. Rah1 {[%clk 0:05:41]} Kg7
{[%clk 0:05:30]} 67. Ka4 {[%clk 0:05:34]} Ra8 {[%clk 0:05:29]} 68. Kb3 {[%clk
0:05:01]} Ra6 {[%clk 0:05:46]} 69. Ka4 {[%clk 0:04:34]} Ra8 {[%clk 0:06:09]}
70. e4 {[%clk 0:03:19]} fxe4 {[%clk 0:04:35]} 71. Bf4 {[%clk 0:02:59]} Ra6
{[%clk 0:03:22]} 72. Be5 {[%clk 0:02:31]} Ng5 {[%clk 0:02:55]} 73. Bxf6+ {[%clk
0:01:28]} Kxf6 {[%clk 0:03:19]} 74. Rh8 {[%clk 0:01:42]} Nh3 {[%clk 0:03:36]}
75. Rf1 {[%clk 0:01:33]} Kg7 {[%clk 0:02:39]} 76. Rb8 {[%clk 0:01:14]} Nxf2
{[%clk 0:02:51]} 77. Rxb7+ {[%clk 0:01:37]} Kg6 {[%clk 0:03:07]} 78. Ra7 {[%clk
0:01:19]} Nd3 {[%clk 0:01:42]} 79. Rxa6 {[%clk 0:01:10]} e3 {[%clk 0:01:55]}
80. b7 {[%clk 0:01:31]} e2 {[%clk 0:02:01]} 81. Rxc6+ {[%clk 0:01:48]} Kf5
{[%clk 0:02:08]} 82. b8=Q {[%clk 0:01:39]} exf1=Q {[%clk 0:02:14]} 83. Qc8+
{[%clk 0:01:58]} Ke4 {[%clk 0:01:32]} 84. Qxg4+ {[%clk 0:02:20]} Ke3 {[%clk
0:01:48]} 85. Re6+ {[%clk 0:01:52]} Kd2 {[%clk 0:01:40]} 86. Qg5+ {[%clk
0:01:43]} Kc3 {[%clk 0:01:48]} 87. Kb5 {[%clk 0:00:52]} 1/2-1/2

[Event "Deutsche Ländermeisterschaft 2017"]
[Site "Hannover GER"]
[Date "2017.09.30"]
[Round "1"]
[White "Breß, Amy Charlize"]
[Black "Flach, Helene"]
[Result "0-1"]
[Termination "normal"]
[Board "5.7"]
[WhiteElo "1602"]
[BlackElo "1862"]
[WhiteClock "00:00:33"]
[BlackClock "00:01:31"]
[WhiteTeam "Mecklenburg-Vorpommern"]
[BlackTeam "Hessen"]
[PlyCount "74"]
[WhiteFideId "16233786"]
[BlackFideId "12929735"]
[EventCountry "GER"]
[EventRounds "7"]
[EventType "team-swiss"]
[EventDate "2017.09.29"]

1. e4 {[%clk 1:30:57]} c5 {[%clk 1:30:52]} 2. Nf3 {[%clk 1:31:21]} e6 {[%clk
1:31:15]} 3. c3 {[%clk 1:31:39]} d5 {[%clk 1:28:41]} 4. exd5 {[%clk 1:29:39]}
Qxd5 {[%clk 1:29:02]} 5. d4 {[%clk 1:28:12]} Nf6 {[%clk 1:27:01]} 6. Na3 {[%clk
1:25:46]} cxd4 {[%clk 1:22:50]} 7. Nb5 {[%clk 1:23:46]} Qd8 {[%clk 1:16:26]} 8.
Bf4 {[%clk 1:20:11]} Nd5 {[%clk 1:11:29]} 9. Qxd4 {[%clk 1:11:46]} Nc6 {[%clk
1:08:03]} 10. Qd2 {[%clk 1:06:42]} a6 {[%clk 0:59:17]} 11. Nbd4 {[%clk
1:02:06]} Nxf4 {[%clk 0:56:25]} 12. Qxf4 {[%clk 1:01:21]} Bd6 {[%clk 0:55:26]}
13. Qe3 {[%clk 0:54:19]} Ne7 {[%clk 0:51:20]} 14. Bd3 {[%clk 0:43:53]} O-O
{[%clk 0:49:11]} 15. O-O {[%clk 0:38:10]} Ng6 {[%clk 0:46:17]} 16. Rfe1 {[%clk
0:33:45]} Qf6 {[%clk 0:38:45]} 17. Rad1 {[%clk 0:30:14]} Rd8 {[%clk 0:35:03]}
18. Bxg6 {[%clk 0:25:10]} hxg6 {[%clk 0:28:00]} 19. Rd3 {[%clk 0:22:50]} Bc7
{[%clk 0:25:49]} 20. Red1 {[%clk 0:19:09]} Re8 {[%clk 0:22:40]} 21. Re1 {[%clk
0:18:22]} e5 {[%clk 0:21:46]} 22. Rdd1 {[%clk 0:13:31]} Bg4 {[%clk 0:19:59]}
23. h3 {[%clk 0:10:25]} Bh5 {[%clk 0:15:34]} 24. g4 {[%clk 0:08:32]} exd4
{[%clk 0:15:02]} 25. Qxe8+ {[%clk 0:07:28]} Rxe8 {[%clk 0:15:26]} 26. Rxe8+
{[%clk 0:07:50]} Kh7 {[%clk 0:15:52]} 27. Nxd4 {[%clk 0:07:11]} Bxg4 {[%clk
0:13:12]} 28. hxg4 {[%clk 0:07:31]} Qf4 {[%clk 0:11:52]} 29. Kf1 {[%clk
0:05:00]} Qxg4 {[%clk 0:10:26]} 30. Ree1 {[%clk 0:02:21]} g5 {[%clk 0:06:01]}
31. Rd3 {[%clk 0:01:05]} Bf4 {[%clk 0:05:03]} 32. Re2 {[%clk 0:00:42]} Qh4
{[%clk 0:03:36]} 33. Kg2 {[%clk 0:00:36]} Qh2+ {[%clk 0:02:17]} 34. Kf3 {[%clk
0:01:05]} Qh1+ {[%clk 0:02:10]} 35. Kg4 {[%clk 0:00:59]} Qg2+ {[%clk 0:02:06]}
36. Kf5 {[%clk 0:00:55]} Qd5+ {[%clk 0:01:35]} 37. Kg4 {[%clk 0:00:33]} f5+
{[%clk 0:01:31]} 0-1

[Event "Deutsche Ländermeisterschaft 2017"]
[Site "Hannover GER"]
[Date "2017.09.30"]
[Round "1"]
[White "Bayer, Melissa"]
[Black "Eulitz, Charlotte"]
[Result "0-1"]
[Termination "normal"]
[Board "5.8"]
[WhiteElo "1523"]
[BlackElo "1492"]
[WhiteClock "00:00:37"]
[BlackClock "00:12:41"]
[WhiteTeam "Hessen"]
[BlackTeam "Mecklenburg-Vorpommern"]
[PlyCount "120"]
[WhiteFideId "16206916"]
[BlackFideId "12964654"]
[EventCountry "GER"]
[EventRounds "7"]
[EventType "team-swiss"]
[EventDate "2017.09.29"]

1. d4 {[%clk 1:30:54]} d5 {[%clk 1:30:53]} 2. Bf4 {[%clk 1:31:03]} Nf6 {[%clk
1:21:12]} 3. e3 {[%clk 1:24:44]} Bf5 {[%clk 1:13:33]} 4. Nd2 {[%clk 1:22:48]}
e6 {[%clk 1:08:02]} 5. Ngf3 {[%clk 1:20:10]} Bd6 {[%clk 1:01:35]} 6. Ne5 {[%clk
1:14:53]} Nbd7 {[%clk 0:49:47]} 7. Ndf3 {[%clk 1:14:53]} O-O {[%clk 0:49:47]}
8. h3 {[%clk 1:14:53]} Ne4 {[%clk 0:49:47]} 9. g4 {[%clk 1:14:53]} Bxe5 {[%clk
0:49:47]} 10. Nxe5 {[%clk 1:14:53]} Bg6 {[%clk 0:49:47]} 11. h4 {[%clk
1:14:53]} f6 {[%clk 0:31:09]} 12. h5 {[%clk 0:31:30]} Be8 {[%clk 0:27:58]} 13.
Bd3 {[%clk 0:22:51]} fxe5 {[%clk 0:22:24]} 14. Bxe5 {[%clk 0:15:12]} Nxf2
{[%clk 0:22:52]} 15. Kxf2 {[%clk 0:09:38]} Nxe5+ {[%clk 0:23:13]} 16. Rh3
{[%clk 0:08:55]} Nxg4+ {[%clk 0:20:21]} 17. Ke2 {[%clk 0:08:53]} e5 {[%clk
0:18:18]} 18. e4 {[%clk 0:07:32]} Bc6 {[%clk 0:13:16]} 19. exd5 {[%clk
0:06:51]} Bxd5 {[%clk 0:12:54]} 20. c4 {[%clk 0:06:42]} Bf3+ {[%clk 0:12:54]}
21. Rxf3 {[%clk 0:07:02]} Rxf3 {[%clk 0:12:49]} 22. Kxf3 {[%clk 0:07:21]} Qg5
{[%clk 0:10:53]} 23. Qc1 {[%clk 0:06:38]} Qxc1 {[%clk 0:10:37]} 24. Rxc1 {[%clk
0:07:02]} Nf6 {[%clk 0:10:43]} 25. Rh1 {[%clk 0:06:20]} Rd8 {[%clk 0:08:57]}
26. Ke3 {[%clk 0:06:06]} Rd6 {[%clk 0:06:20]} 27. c5 {[%clk 0:05:21]} Rd8
{[%clk 0:04:35]} 28. a3 {[%clk 0:05:14]} Re8 {[%clk 0:04:33]} 29. Bc4+ {[%clk
0:05:01]} Kf8 {[%clk 0:04:45]} 30. Rf1 {[%clk 0:05:12]} Ke7 31. Rf5 {[%clk
0:04:58]} Kd8 {[%clk 0:04:56]} 32. b4 {[%clk 0:04:58]} c6 {[%clk 0:05:18]} 33.
Rg5 {[%clk 0:04:34]} Re7 {[%clk 0:05:18]} 34. Rf5 {[%clk 0:04:16]} Kc7 {[%clk
0:03:29]} 35. Rg5 {[%clk 0:03:38]} h6 {[%clk 0:03:29]} 36. Rf5 {[%clk 0:03:45]}
b6 {[%clk 0:03:26]} 37. cxb6+ {[%clk 0:02:46]} Kxb6 {[%clk 0:03:30]} 38. a4
{[%clk 0:02:18]} a5 {[%clk 0:03:30]} 39. b5 cxb5 40. Bxb5 {[%clk 0:01:33]} Nd5+
{[%clk 0:02:25]} 41. Kd3 {[%clk 0:27:08]} Kc5 {[%clk 0:30:05]} 42. Kd2+ {[%clk
0:21:32]} Kxd4 {[%clk 0:27:17]} 43. Rf1 {[%clk 0:15:38]} Nf4 {[%clk 0:26:00]}
44. Rh1 {[%clk 0:14:43]} e4 {[%clk 0:23:41]} 45. Rh4 {[%clk 0:13:16]} e3+
{[%clk 0:22:59]} 46. Ke1 {[%clk 0:13:26]} Ke5 {[%clk 0:22:54]} 47. Rh1 {[%clk
0:12:05]} Rc7 {[%clk 0:22:35]} 48. Kd1 {[%clk 0:12:18]} Ke4 {[%clk 0:21:54]}
49. Ba6 {[%clk 0:08:43]} Rd7+ {[%clk 0:20:32]} 50. Kc1 {[%clk 0:07:46]} e2
{[%clk 0:19:37]} 51. Kc2 {[%clk 0:04:52]} Ke3 {[%clk 0:18:19]} 52. Bxe2 {[%clk
0:01:58]} Kxe2 {[%clk 0:18:21]} 53. Rh2+ {[%clk 0:01:54]} Ke3 {[%clk 0:18:31]}
54. Rh1 {[%clk 0:00:46]} Rd2+ {[%clk 0:17:03]} 55. Kc3 {[%clk 0:00:58]} Rd5
{[%clk 0:15:23]} 56. Re1+ {[%clk 0:00:35]} Ne2+ {[%clk 0:15:27]} 57. Kc4 {[%clk
0:00:53]} Rxh5 {[%clk 0:15:50]} 58. Kb3 {[%clk 0:00:53]} Rh4 {[%clk 0:13:32]}
59. Rd1 {[%clk 0:00:33]} Rd4 {[%clk 0:13:01]} 60. Rf1 {[%clk 0:00:37]} Rd5
{[%clk 0:12:41]} 0-1